000 01573nam0a2200313 4500
001 RU\NLR\bibl\587083
005 20250610140724.0
010 _a5-7035-1397-9
_91000
021 _aRU
_b2004-66762
_93292
035 _a(NLR Aleph) 000579065
090 _a1640922
_c1640922
100 _a20041221d2004 |||y0rusy50 ca
101 0 _arus
102 _aRU
105 _aa |||||||||
200 1 _aКонструкция вертолетов
_eУчеб. для студентов вузов, обучающихся по спец. "Самолето - и вертолетостроение" направления подгот. дипломир. специалистов "Авиастроение"
_fО.А. Завалов
_gПод ред. чл.-корр. РАН С.В. Михеева
_gМ-во образования Рос. Федерации, Моск. авиац. ин-т (гос. техн. ун-т)
210 _aМ.
_cИзд-во МАИ
_d2004
215 _a314 с.
_cил.
_d20
320 _aБиблиогр.: с. 308-310 (39 назв.)
606 0 _aВертолеты
_jРуководства, пособия и т.п. для высшей школы
_91022311
_3RU\NLR\auth\6673160
606 0 _aВертолеты
_jУчебники для высших учебных заведений
_91022311
_3RU\NLR\auth\6673160
686 _aО541.2я73-1
700 1 _aЗавалов
_bО. А.
_gОлег Анатольевич
_4070
801 0 _aRU
_bNLR
_c20041221
_gPSBO
801 1 _aRU
_bNLR
_c20041221
830 _aАвт. по кн
942 _cBOOK
980 _aNB